[Event "European Rapid 2022"]
[Site "Katowice POL"]
[Date "2022.12.18"]
[Round "11.80"]
[White "Hrebenshchykova, Yelyzaveta"]
[Black "Bazilius, Augustinas"]
[Result "1-0"]
[WhiteElo "2289"]
[BlackElo "2118"]
[WhiteFideId "14159899"]
[BlackFideId "12832251"]
[EventDate "2022.12.17"]

1. e4 c5 2. Nf3 a6 3. Nc3 Nc6 4. d4 cxd4 5. Nxd4 e6 6. Be2 Qc7 7. O-O Nf6 8. Be3
b5 9. a3 Bb7 10. f4 d6 11. Bf3 Rd8 12. a4 b4 13. Na2 a5 14. Nb5 Qb8 15. c3 bxc3
16. Naxc3 Be7 17. Qb3 O-O 18. f5 exf5 19. exf5 Ne5 20. Bd5 Nxd5 21. Nxd5 Bxd5
22. Qxd5 Qa8 23. Rad1 Qxd5 24. Rxd5 Bf6 25. Bb6 Rb8 26. Bc7 Rbc8 27. Bxd6 Nc4
28. Bxf8 Ne3 29. Rc5 Rxf8 30. Re1 Ng4 31. h3 Nh6 32. g4 g6 33. fxg6 fxg6 34. g5
Bd8 35. Rce5 Nf7 36. Re8 Nxg5 37. Rxf8+ Kxf8 38. Kg2 Bf6 39. b3 Kf7 40. Nd6+ Kf8
41. Re8+ Kg7 42. Ra8 Bc3 43. Nc4 Ne6 44. Nxa5 Nd4 45. Nc4 Nxb3 46. a5 Bd4 47. a6
Na1 48. a7 Kh6 49. Na5 Nc2 50. Nc6 Ne3+ 51. Kf3 Bc5 52. Rc8 Bxa7 53. Nxa7 Nf5
54. Rc7 Nd4+ 55. Kg4 Ne6 56. Re7 Nd4 57. Nc8 Nf5 58. Rd7 Ne3+ 59. Kf4 Ng2+ 60.
Kg3 Ne3 61. Ne7 Kg5 62. Kf3 Nc4 63. Rd4 Nb6 64. Nd5 Nd7 65. h4+ Kh6 66. Nf4 Ne5+
67. Kg3 Nc6 68. Rd6 Ne7 69. Kg4 Nf5 70. Re6 Nd4 71. Re4 Nf5 72. h5 Nd6 73. Re6
Nf7 74. hxg6 hxg6 75. Rxg6+ Kh7 76. Ra6 Kh8 77. Kf5 Nh6+ 78. Rxh6+ 1-0

[Event "European Rapid 2022"]
[Site "Katowice POL"]
[Date "2022.12.18"]
[Round "11.81"]
[White "Kuegel, Tobias"]
[Black "Posluszny, Tomasz"]
[Result "1-0"]
[WhiteTitle "FM"]
[WhiteElo "2309"]
[BlackElo "1934"]
[WhiteFideId "4636295"]
[BlackFideId "1187724"]
[EventDate "2022.12.17"]

1. e4 e5 2. Nf3 Nc6 3. Bb5 a6 4. Bxc6 dxc6 5. O-O f6 6. d4 exd4 7. Nxd4 c5 8.
Nb3 Qxd1 9. Rxd1 Bd7 10. Bf4 O-O-O 11. Nc3 Be6 12. Rxd8+ Kxd8 13. Rd1+ Kc8 14.
Nd5 Bxd5 15. Rxd5 b6 16. Rd1 Ne7 17. Nd2 Ng6 18. Bg3 Be7 19. Nc4 Rd8 20. Rxd8+
Kxd8 21. Ne3 Kd7 22. Nf5 Bf8 23. Kf1 Ne5 24. Bxe5 fxe5 25. c4 Ke6 26. Ke2 c6 27.
b3 g6 28. Ne3 Bh6 29. f3 Bg7 30. g3 Bh6 31. Kd3 Kd6 32. Kd2 Ke6 33. Ke2 Kd6 34.
Ng4 Bg7 35. Nf2 Ke6 36. Nd3 a5 37. a4 Bf6 38. f4 exf4 39. gxf4 Bd4 40. Kf3 Kf6
41. Nc1 Bb2 42. Ne2 Ke6 43. Ng3 Bf6 44. e5 Be7 45. Ke4 Bd8 46. f5+ gxf5+ 47.
Nxf5 Bc7 48. Ng7+ Kf7 49. Nf5 Ke6 50. Ng7+ Kf7 51. Nh5 Kg6 52. Nf4+ Kf7 53. Kf5
Bd8 54. Ne6 Bh4 55. Ng5+ Bxg5 56. Kxg5 Ke6 57. Kf4 h6 58. Ke4 b5 59. Kf4 bxa4
60. bxa4 h5 61. h4 Ke7 62. Kg5 Ke6 63. Kxh5 Kxe5 64. Kg6 Kd4 65. h5 Kxc4 66. h6
Kb3 67. h7 c4 68. h8=Q c3 69. Kf5 Kc2 70. Ke4 1-0

[Event "European Rapid 2022"]
[Site "Katowice POL"]
[Date "2022.12.18"]
[Round "11.82"]
[White "Gorkiewicz, Mateusz"]
[Black "Orzech, Dominik"]
[Result "1-0"]
[BlackTitle "IM"]
[WhiteElo "2076"]
[BlackElo "2313"]
[WhiteFideId "21807299"]
[BlackFideId "1115065"]
[EventDate "2022.12.17"]

1. e4 Nf6 2. e5 Nd5 3. c4 Nb6 4. d4 d6 5. exd6 cxd6 6. Nc3 g6 7. Be3 Bg7 8. Rc1
O-O 9. b3 Bf5 10. Nf3 d5 11. c5 Nc8 12. Bd3 Bg4 13. O-O Nc6 14. Be2 e6 15. b4 a6
16. a4 Nxb4 17. Qb3 a5 18. Nb5 Ne7 19. Rfd1 Nf5 20. h3 Bxf3 21. Bxf3 Nc6 22. Bg4
Nfe7 23. Bf3 b6 24. g4 bxc5 25. Rxc5 Rb8 26. Qc3 Qb6 27. Rc1 Nb4 28. Bf4 Na2 29.
Qc2 Nxc1 30. Bxb8 Rxb8 31. Qxc1 h6 32. Kg2 g5 33. Qc3 Ng6 34. Bd1 Nf4+ 35. Kh2
Bf8 36. Rc6 Qd8 37. Bc2 Ra8 38. Bb1 Qf6 39. Qc2 Ng6 40. Kg1 Kg7 41. Nc7 Rd8 42.
Qd2 Nf4 43. Qc2 Ng6 44. Qd2 Nh4 45. Qd3 Ng6 46. Qd2 Be7 47. Qc2 Nf8 48. Qd3 Qf4
49. Nb5 Rb8 50. Kg2 Ng6 51. Nc7 Nf8 52. Nb5 Rb7 53. Rc8 Ng6 54. Kg1 Kf6 55. Rc6
Nh4 56. Qh7 Bf8 57. Qh8+ Ke7 58. Rc8 Ng6 59. Bxg6 fxg6 60. Rxf8 Qxf8 61. Qh7+
Kf6 62. Qxb7 Qb4 63. Qc7 Qe1+ 64. Kg2 Qe4+ 65. Kf1 Qh1+ 66. Ke2 Qxh3 67. Qd8+
Kg7 68. Qe7+ Kh8 69. Qf8+ Kh7 70. Qf7+ Kh8 71. Qf3 Qh2 72. Qf8+ Kh7 73. Qf7+ Kh8
74. Qxg6 Qf4 75. Qxh6+ Kg8 76. Qxe6+ Kg7 77. Nd6 Kh8 78. Qe8+ Kg7 79. Nf5+ Kf6
80. Qe7+ 1-0

[Event "European Rapid 2022"]
[Site "Katowice POL"]
[Date "2022.12.18"]
[Round "11.83"]
[White "Dehtiarov, Roman"]
[Black "Lecki, Leonard"]
[Result "1-0"]
[WhiteTitle "FM"]
[WhiteElo "2300"]
[BlackElo "1781"]
[WhiteFideId "14186640"]
[BlackFideId "21041067"]
[EventDate "2022.12.17"]

1. e4 c5 2. Nc3 Nc6 3. f4 g6 4. Nf3 Bg7 5. Bb5 Nd4 6. O-O e6 7. e5 a6 8. Bd3 Ne7
9. Nxd4 cxd4 10. Ne4 O-O 11. b3 b5 12. Ba3 Bb7 13. Nf6+ Kh8 14. Qg4 Nd5 15. Bxf8
Qxf8 16. Ne4 f5 17. exf6 Nxf6 18. Nxf6 Qxf6 19. a4 b4 20. h4 Rg8 21. Rae1 Rc8
22. h5 gxh5 23. Qxh5 Bh6 24. Re5 Qg7 25. Rg5 Bxg5 26. fxg5 h6 27. Rf6 e5 28.
Rxh6+ Kg8 29. Rg6 e4 30. Qh6 1-0

[Event "European Rapid 2022"]
[Site "Katowice POL"]
[Date "2022.12.18"]
[Round "11.84"]
[White "Johannsdottir, Johanna Bjorg"]
[Black "Decosse, Jean-Fabien"]
[Result "0-1"]
[BlackTitle "CM"]
[WhiteElo "1974"]
[BlackElo "2149"]
[WhiteFideId "2303108"]
[BlackFideId "622583"]
[EventDate "2022.12.17"]

1. e4 d6 2. Nf3 Nf6 3. d3 e5 4. g3 Be7 5. Bg2 Nbd7 6. Nbd2 O-O 7. O-O c6 8. d4
Qc7 9. Re1 b5 10. c3 Bb7 11. Nh4 Rfe8 12. Nf5 Bf8 13. Nf1 Rad8 14. h4 a6 15. Bg5
h6 16. Bxf6 Nxf6 17. Qf3 Nh7 18. N1e3 g6 19. Ng4 gxf5 20. exf5 f6 21. dxe5 dxe5
22. Rad1 Qf7 23. a3 h5 24. Ne3 Bc5 25. c4 Bd4 26. cxb5 axb5 27. b4 Rd7 28. Bf1
c5 29. Qe2 c4 30. Qc2 Red8 31. Be2 Bxe3 32. fxe3 Rxd1 33. Bxd1 Qd5 34. e4 Qd4+
35. Kh2 Bxe4 36. Qxe4 Qxe4 37. Rxe4 Rxd1 38. a4 Rd2+ 39. Kh3 Rd4 40. Rxd4 exd4
41. a5 Nf8 42. a6 Nd7 43. a7 Nb6 0-1

[Event "European Rapid 2022"]
[Site "Katowice POL"]
[Date "2022.12.18"]
[Round "11.85"]
[White "De Filomeno, Simone"]
[Black "Kukula, Pawel"]
[Result "1-0"]
[WhiteTitle "IM"]
[WhiteElo "2450"]
[BlackElo "2135"]
[WhiteFideId "828688"]
[BlackFideId "1115081"]
[EventDate "2022.12.17"]

1. d4 e6 2. c4 f5 3. Nf3 Nf6 4. g3 Be7 5. Bg2 O-O 6. d5 exd5 7. cxd5 Bb4+ 8. Nc3
Ne4 9. Qb3 Bxc3+ 10. bxc3 d6 11. Nd4 Qe7 12. O-O Na6 13. c4 Nac5 14. Qc2 Bd7 15.
e3 Rae8 16. Bb2 Na4 17. Ba3 Nac5 18. Rac1 Ba4 19. Qe2 Bd7 20. Bb2 c6 21. Ba1
cxd5 22. cxd5 a6 23. Rb1 Rf7 24. Rb6 Bc8 25. Rc1 Qd8 26. Rbb1 Bd7 27. Qd1 Ba4
28. Nb3 Bb5 29. Nxc5 Nxc5 30. Qd4 Qa5 31. Bf3 Nd3 32. Rxb5 Qxb5 33. Be2 Nxc1 34.
Bxb5 axb5 35. Qb2 Rc8 36. Kg2 h6 37. a3 Rc5 38. Qb1 Ne2 39. Qd3 Nc1 40. Qd1 Rfc7
41. Qh5 Rxd5 42. Qe8+ Kh7 43. Qe6 Rdc5 44. Bd4 Rc2 45. Qxf5+ Kg8 46. Qxb5 Ne2
47. Bb6 R7c6 48. a4 Kh8 49. a5 Nc3 50. Qd3 Na2 51. h4 Nc1 52. Qf5 Ne2 53. g4 Rc1
54. g5 R6c4 55. gxh6 gxh6 56. Qf8+ Kh7 57. Qf7+ Kh8 58. Bd8 Rg1+ 59. Kf3 Rg7 60.
Qf8+ Kh7 61. Qf5+ Kh8 62. Kxe2 1-0

[Event "European Rapid 2022"]
[Site "Katowice POL"]
[Date "2022.12.18"]
[Round "11.87"]
[White "Monroy, Charles"]
[Black "Nazarova, Anastasia"]
[Result "1/2-1/2"]
[WhiteTitle "IM"]
[BlackTitle "WFM"]
[WhiteElo "2395"]
[BlackElo "2196"]
[WhiteFideId "621641"]
[BlackFideId "34101737"]
[EventDate "2022.12.17"]

1. Nf3 d5 2. d4 Nf6 3. c4 e6 4. g3 Bb4+ 5. Bd2 Be7 6. Bg2 O-O 7. Qc2 c6 8. O-O
b6 9. b3 Bb7 10. Nc3 Nbd7 11. Rfd1 Rc8 12. e4 dxe4 13. Nxe4 Nxe4 14. Qxe4 Nf6
15. Qe2 c5 16. Bf4 Bxf3 17. Bxf3 cxd4 18. Be5 Bc5 19. Bb7 Rc7 20. Bxc7 Qxc7 21.
Bg2 e5 22. g4 h6 23. h4 g6 24. Rd3 Kg7 25. Be4 Qe7 26. Kg2 Ne8 27. Rh1 Nc7 28.
Bd5 Nxd5 29. cxd5 e4 30. Rg3 Qe5 31. Re1 Re8 32. Qc4 a5 33. g5 h5 34. Re2 Rd8
35. Re1 Rxd5 36. Qe2 e3 37. Qd3 Rd6 38. Rf3 Re6 39. fxe3 dxe3 40. Re2 Rd6 41.
Qc4 Rd7 42. a3 Re7 43. b4 axb4 44. axb4 Bd4 45. Qc6 Qe4 46. Qxe4 Rxe4 47. Rf1
Rxh4 48. Rd1 Rg4+ 49. Kf3 b5 50. Ra2 Rh4 51. Kg3 Rg4+ 52. Kf3 Bc3 53. Ra7 Bd2
54. Rb7 Rxb4 55. Ra1 e2 56. Kxe2 Bxg5 57. Raa7 Rf4 58. Rxb5 Bh6 59. Rb8 Rf5 60.
Raa8 Bf4 61. Rh8 Kf6 62. Kf3 Kg5 63. Kg2 Be3 64. Rhe8 Bd4 65. Re4 Be5 66. Ra5 f6
67. Ra8 Bf4 68. Rg8 Be5 69. Ra4 Rf4 70. Rxf4 Bxf4 71. Kf3 Be5 72. Ra8 f5 73. Ra5
Bf6 74. Rb5 h4 75. Ra5 Bc3 76. Rb5 Be1 77. Rc5 Bg3 78. Ra5 Kf6 79. Ra6+ Kg5 80.
Ra5 Bd6 81. Rd5 Be7 82. Rb5 Bf6 83. Ra5 Bc3 84. Rc5 Be1 85. Re5 Bg3 86. Ra5 Kf6
87. Ra6+ Kf7 88. Ra7+ Kf6 89. Ra6+ Kg7 90. Ra7+ Kh6 91. Ra5 Bc7 92. Rc5 Bd8 93.
Rd5 Bg5 94. Ra5 Bf6 95. Rb5 Kg7 96. Rb7+ Kf8 97. Kf4 Be7 98. Ra7 Kf7 99. Rb7 Ke6
100. Rb6+ Bd6+ 101. Kg5 h3 102. Kxg6 h2 103. Rb1 Bc5 104. Re1+ Kd5 105. Rh1 Bg1
106. Kxf5 Kd4 107. Rxh2 1/2-1/2

[Event "European Rapid 2022"]
[Site "Katowice POL"]
[Date "2022.12.18"]
[Round "11.88"]
[White "Bergsson, Stefan"]
[Black "Langheinrich, Ferenc"]
[Result "0-1"]
[BlackTitle "IM"]
[WhiteElo "2172"]
[BlackElo "2381"]
[WhiteFideId "2301393"]
[BlackFideId "4641973"]
[EventDate "2022.12.17"]

1. c4 Nf6 2. Nc3 g6 3. g3 Bg7 4. Bg2 O-O 5. e4 c5 6. Nge2 Nc6 7. O-O d6 8. d3
Ne8 9. Be3 Nd4 10. h3 Nc7 11. f4 f5 12. Qd2 Rb8 13. Rac1 a6 14. b4 b6 15. Kh2
Nce6 16. exf5 gxf5 17. Bxd4 Nxd4 18. Nxd4 cxd4 19. Nd1 Kh8 20. Nf2 e5 21. Rce1
Qc7 22. Kh1 Bd7 23. fxe5 dxe5 24. g4 e4 25. dxe4 fxg4 26. e5 gxh3 27. Bd5 Bxe5
28. Qg5 Bf6 29. Qh5 Qg3 30. Be4 Qh4 31. Qd5 Rbd8 32. Qb7 Qg3 33. Nd3 Qb8 34. Qd5
Bg4 35. Qc6 Bg7 36. Rg1 Qc8 37. Qxb6 Rde8 38. Bb7 Qf5 39. Rxe8 Rxe8 40. Qc6 Rf8
41. Ne1 h2 42. Kxh2 Qh5+ 0-1

[Event "European Rapid 2022"]
[Site "Katowice POL"]
[Date "2022.12.18"]
[Round "11.89"]
[White "Charkhalashvili, Inga"]
[Black "Delgerdalai, Bayarjavkhlan"]
[Result "0-1"]
[WhiteTitle "WGM"]
[WhiteElo "2273"]
[BlackElo "2100"]
[WhiteFideId "13601431"]
[BlackFideId "23727276"]
[EventDate "2022.12.17"]

1. d4 d5 2. c4 e6 3. Nc3 c5 4. Nf3 Nf6 5. cxd5 exd5 6. Bg5 Be6 7. e3 c4 8. Be2
Bb4 9. Qa4+ Nc6 10. Ne5 Qa5 11. Qxa5 Bxa5 12. Bxf6 gxf6 13. Nf3 O-O 14. O-O Rab8
15. a4 a6 16. Nd2 b5 17. axb5 axb5 18. Bf3 f5 19. Rfd1 Rfd8 20. Ne2 Bc7 21. g3
Kf8 22. Nf4 Bxf4 23. gxf4 Ra8 24. Rdc1 Nb4 25. Be2 Na2 26. Re1 b4 27. Nf3 Rdb8
28. Ne5 f6 29. Nf3 b3 30. Nd2 c3 31. bxc3 b2 32. Rxa2 Rxa2 33. Nb1 Ra1 34. Bd3
Bd7 35. Kg2 Rb3 36. Kf1 Bb5 37. Ke2 Rxc3 38. Bxb5 Rc2+ 39. Kf3 Rc1 40. Re2 Rcxb1
41. Bd3 Rd1 42. Bxf5 b1=Q 0-1

[Event "European Rapid 2022"]
[Site "Katowice POL"]
[Date "2022.12.18"]
[Round "11.90"]
[White "Wilk, Igor"]
[Black "Jablonicky, Martin"]
[Result "0-1"]
[BlackTitle "FM"]
[WhiteElo "2030"]
[BlackElo "2388"]
[WhiteFideId "21831580"]
[BlackFideId "14925621"]
[EventDate "2022.12.17"]

1. e4 e5 2. Nf3 Nc6 3. Bc4 Bc5 4. c3 Nf6 5. d4 exd4 6. e5 d5 7. Bb5 Ne4 8. cxd4
Bb6 9. Nc3 O-O 10. Be3 Bg4 11. h3 Bh5 12. Qc2 Bg6 13. Qb3 Nxc3 14. bxc3 Na5 15.
Qd1 Rc8 16. O-O c5 17. Bd3 cxd4 18. cxd4 Nc4 19. Bxg6 hxg6 20. Bf4 Qd7 21. Re1
Rc6 22. Rc1 Bd8 23. Bg5 Ba5 24. Re2 b5 25. Rec2 Bb6 26. Nh2 Rfc8 27. Ng4 Qf5 28.
Bh4 Qe4 29. Re2 Qf5 30. Rb1 Na3 31. Ra1 Nc2 32. Ne3 Nxe3 33. Rxe3 Qf4 34. Bg3
Qxd4 35. Rd3 Qxa1 36. Qxa1 Rc1+ 37. Qxc1 Rxc1+ 38. Kh2 d4 39. Rb3 a6 40. a4 Rc5
41. Kg1 Ba5 42. axb5 axb5 43. Kf1 Bc3 44. Ke2 g5 45. Ra3 b4 46. Ra8+ Kh7 47. Rb8
Ra5 48. Kd3 Ra6 49. h4 g4 50. f3 Ra3 51. Bf4 gxf3 52. gxf3 b3 53. h5 b2 54. Kc2
d3+ 0-1

[Event "European Rapid 2022"]
[Site "Katowice POL"]
[Date "2022.12.18"]
[Round "11.91"]
[White "Berend, Elvira"]
[Black "Paprocki, Jaroslaw"]
[Result "0-1"]
[WhiteTitle "WGM"]
[WhiteElo "2318"]
[BlackElo "2158"]
[WhiteFideId "4000510"]
[BlackFideId "1122274"]
[EventDate "2022.12.17"]

1. d4 Nf6 2. c4 c6 3. d5 cxd5 4. cxd5 d6 5. Nc3 g6 6. e4 Bg7 7. Nf3 O-O 8. h3 b6
9. Bd3 Ba6 10. O-O Bxd3 11. Qxd3 Nbd7 12. Nd4 Nc5 13. Qe3 e5 14. Nc6 Qd7 15. b4
Ne6 16. dxe6 Qxc6 17. exf7+ Rxf7 18. Bd2 d5 19. exd5 Nxd5 20. Nxd5 Qxd5 21. Bc3
Rd8 22. Rfe1 Qc4 23. Rad1 Rd5 24. Rxd5 Qxd5 25. a3 Qa2 26. Ba1 Bf6 27. Rf1 e4
28. Bxf6 Rxf6 29. Rd1 Qe6 30. Rd4 Qe5 31. Rxe4 Qa1+ 32. Kh2 Kg7 33. Rd4 Qb2 34.
Rd2 Qa1 35. f4 h5 36. g4 hxg4 37. hxg4 g5 38. fxg5 Rf7 39. Kg3 Rc7 40. Rd3 a5
41. b5 a4 42. Qd4+ Qxd4 43. Rxd4 Rc3+ 44. Kf4 Rxa3 45. Rd7+ Kf8 46. g6 Rb3 47.
Kg5 Re3 48. Ra7 a3 49. g7+ Kg8 50. Kf6 Kh7 51. g5 Rf3+ 52. Ke6 Rg3 53. Kf5 Rf3+
54. Kg4 Rb3 55. g6+ Kg8 56. Kg5 Rxb5+ 57. Kh6 Ra5 58. Rf7 Ra8 59. Rf8+ Rxf8 60.
gxf8=Q+ Kxf8 61. Kh7 a2 62. g7+ Ke7 63. g8=Q a1=Q 64. Qb8 Qd4 65. Qa7+ Ke6 66.
Qa2+ Kf6 0-1

[Event "European Rapid 2022"]
[Site "Katowice POL"]
[Date "2022.12.18"]
[Round "11.92"]
[White "Jarocka, Liwia"]
[Black "Reza, Wojciech"]
[Result "1/2-1/2"]
[WhiteTitle "FM"]
[BlackTitle "FM"]
[WhiteElo "2143"]
[BlackElo "2290"]
[WhiteFideId "21807558"]
[BlackFideId "1151967"]
[EventDate "2022.12.17"]

1. e4 c5 2. c3 Nf6 3. e5 Nd5 4. d4 cxd4 5. cxd4 d6 6. Nf3 Nc6 7. Bc4 Nb6 8. Bb3
dxe5 9. Nxe5 Nxe5 10. dxe5 Qxd1+ 11. Bxd1 e6 12. O-O Bd7 13. Bf3 O-O-O 14. Bg5
Re8 15. Be3 Kb8 16. Rd1 Bc8 17. Nd2 Be7 18. Rdc1 Rd8 19. Ne4 Nd5 20. Bc5 Bxc5
21. Rxc5 Nb4 22. Nd6 Nd3 23. Rb5 Nxe5 24. Bxb7 Rxd6 25. Bxc8+ Kxc8 26. Rxe5 Rhd8
27. g3 Rd1+ 28. Rxd1 Rxd1+ 29. Kg2 Rd2 30. Rb5 Kc7 31. Rb4 Kc6 32. a3 g6 33. h4
h5 34. Rb8 Rd7 35. Rb3 1/2-1/2

[Event "European Rapid 2022"]
[Site "Katowice POL"]
[Date "2022.12.18"]
[Round "11.93"]
[White "Dragicevic, Drazen"]
[Black "Cano Sevilla, Ivan"]
[Result "1/2-1/2"]
[WhiteTitle "FM"]
[WhiteElo "2345"]
[BlackElo "2027"]
[WhiteFideId "1707922"]
[BlackFideId "32043546"]
[EventDate "2022.12.17"]

1. c4 e5 2. Nc3 Nf6 3. a3 d5 4. cxd5 Nxd5 5. e4 Nb6 6. Nf3 Nc6 7. Bb5 Bg4 8. h3
Bxf3 9. Bxc6+ bxc6 10. Qxf3 Bc5 11. O-O O-O 12. d3 a5 13. Rd1 Rb8 14. Qg3 Kh8
15. Qxe5 Nd7 16. Qf5 Bd4 17. Ra2 Nc5 18. Ne2 Nb3 19. Bg5 f6 20. Be3 c5 21. Nf4
Qd6 22. a4 Be5 23. Ne2 Rfd8 24. h4 Qa6 25. Nf4 Bxf4 26. Qxf4 Rxd3 27. Rxd3 Qxd3
28. Qxc7 Re8 29. Ra3 c4 30. Qf7 Qxe4 31. h5 h6 32. Rxb3 cxb3 33. Qxb3 Rd8 34. f3
Qd3 35. Qb6 Re8 36. Bd4 Qb1+ 37. Kh2 Qf5 38. Qb5 Qf4+ 39. g3 Qd2+ 40. Kh3 Qe2
41. Bc3 Qxb5 42. axb5 Rb8 43. Bxa5 Rxb5 44. Bc3 Rxh5+ 45. Kg4 Rb5 46. Kf4 g5+
47. Ke4 Kg7 48. Kd4 Kg6 49. Kc4 Rf5 50. b4 Rxf3 51. b5 Rxg3 52. Bd4 Ra3 53. Bc5
Ra8 54. Bd6 Kf7 55. b6 Ke6 56. b7 Re8 57. b8=Q Rxb8 58. Bxb8 Kf5 59. Kd3 Kg4 60.
Ke2 Kh3 61. Kf3 f5 62. Bd6 h5 63. Be7 g4+ 64. Kf4 g3 65. Bc5 Kg2 66. Be7 Kh2 67.
Kxf5 g2 68. Bd6+ Kh3 69. Bc5 h4 70. Kf4 Kh2 71. Kg4 h3 72. Bd4 1/2-1/2

[Event "European Rapid 2022"]
[Site "Katowice POL"]
[Date "2022.12.18"]
[Round "11.94"]
[White "Shpanko, Nadiia"]
[Black "Druckenthaner, Andreas"]
[Result "1/2-1/2"]
[WhiteTitle "WIM"]
[BlackTitle "FM"]
[WhiteElo "2164"]
[BlackElo "2227"]
[WhiteFideId "14132400"]
[BlackFideId "1600567"]
[EventDate "2022.12.17"]

1. e4 e5 2. Nf3 Nc6 3. Nc3 Nf6 4. d4 exd4 5. Nxd4 Bb4 6. Nxc6 bxc6 7. Bd3 d6 8.
Bg5 h6 9. Bh4 Qe7 10. O-O O-O 11. Qf3 g5 12. Bg3 Bg4 13. Qe3 Nh5 14. Na4 Bd7 15.
a3 Ba5 16. b4 Bb6 17. Nxb6 axb6 18. Rfe1 Nxg3 19. Qxg3 Qe5 20. Qxe5 dxe5 21. Bc4
b5 22. Bb3 Be6 23. a4 bxa4 24. Bxa4 Ra6 25. Bb3 Rxa1 26. Rxa1 Bxb3 27. cxb3 Rb8
28. Rc1 Rxb4 29. Rxc6 Rxe4 30. f3 Rb4 31. Rxh6 Rxb3 32. Rf6 Rb6 33. Rf5 f6 34.
h4 gxh4 35. f4 e4 36. Rc5 e3 37. Kf1 Rb4 38. Ke2 Rxf4 39. Kxe3 Rg4 40. Kf3 Rg3+
41. Kf2 Rg7 42. Rc4 Rh7 43. Rc6 Rf7 44. Rc4 Kf8 45. Rxh4 Ke7 46. Kf3 c5 47. Rc4
Kd6 48. Kf4 Kd5 49. Rc1 c4 50. g4 Rg7 51. Rd1+ Kc5 52. Rd8 c3 53. Rc8+ Kd4 54.
Rd8+ Kc4 55. Rc8+ Kd3 56. Rd8+ Ke2 57. Rc8 Kd2 58. Rd8+ Kc1 59. Rd6 Rg6 60. Kf5
Rg5+ 61. Kf4 c2 62. Rxf6 Rc5 63. Rh6 Kd2 64. Rh1 c1=Q 65. Rxc1 Rxc1 66. g5 Kd3
67. g6 Kd4 68. Kf5 Rf1+ 69. Ke6 Re1+ 70. Kf7 Rf1+ 71. Ke6 Rg1 72. Kf7 Ke5 73. g7
Rf1+ 74. Ke7 Rg1 75. Kf7 Rxg7+ 76. Kxg7 1/2-1/2

[Event "European Rapid 2022"]
[Site "Katowice POL"]
[Date "2022.12.18"]
[Round "11.95"]
[White "Kokol, Peter"]
[Black "Kanli, Kaan"]
[Result "1-0"]
[WhiteTitle "FM"]
[WhiteElo "2347"]
[BlackElo "2006"]
[WhiteFideId "14604523"]
[BlackFideId "6309836"]
[EventDate "2022.12.17"]

1. e4 e5 2. Nc3 Nf6 3. Bc4 Nc6 4. d3 Bb4 5. Ne2 d5 6. exd5 Nxd5 7. O-O Nxc3 8.
Nxc3 O-O 9. Nd5 Bd6 10. Qh5 Qd7 11. f4 Na5 12. fxe5 Bc5+ 13. Kh1 Nxc4 14. dxc4
c6 15. Nf6+ gxf6 16. exf6 Qg4 17. Qxc5 Be6 18. Rf3 Kh8 19. Bh6 Rg8 20. Bg7+ Rxg7
21. fxg7+ Qxg7 22. Rd1 Qxb2 23. c3 Qe2 24. Qd4+ Kg8 25. Rg3+ Kf8 26. Qd6+ Ke8
27. Rg8# 1-0

[Event "European Rapid 2022"]
[Site "Katowice POL"]
[Date "2022.12.18"]
[Round "11.96"]
[White "Bochnicka, Vladimir ml."]
[Black "Petrek, Dominik"]
[Result "0-1"]
[WhiteTitle "FM"]
[WhiteElo "2367"]
[BlackElo "2099"]
[WhiteFideId "14943450"]
[BlackFideId "14954990"]
[EventDate "2022.12.17"]

1. Nf3 Nf6 2. g3 d5 3. Bg2 Bf5 4. d3 h6 5. O-O e6 6. Nc3 Be7 7. Nd2 Bh7 8. e4
O-O 9. f4 c5 10. e5 Nfd7 11. Nf3 Nc6 12. Qe1 a6 13. a3 b5 14. g4 b4 15. Ne2 Qc7
16. Kh1 Rfc8 17. Qg3 Bf8 18. Bd2 a5 19. Rae1 bxa3 20. bxa3 c4 21. dxc4 dxc4 22.
Nfd4 Nxd4 23. Nxd4 Rab8 24. f5 c3 25. Bc1 Qc5 26. fxe6 Qxd4 27. exd7 Qxd7 28.
Rd1 Qa4 29. Rde1 Qxc2 30. Bd5 Qd3 31. Qxd3 Bxd3 32. Rxf7 Kh8 33. e6 Bg6 34. Rd7
Bc5 35. Bf4 Rb5 36. Be5 Bf8 37. Bxc3 Rxc3 38. Rd8 Kh7 39. e7 Bxe7 40. Rxe7 Rb1+
41. Kg2 Rb2+ 42. Kf1 Rc1+ 43. Re1 Bd3+ 0-1

[Event "European Rapid 2022"]
[Site "Katowice POL"]
[Date "2022.12.18"]
[Round "11.97"]
[White "Kacprzak, Karol"]
[Black "Drozdowski, Konrad"]
[Result "1-0"]
[WhiteElo "2226"]
[BlackElo "2104"]
[WhiteFideId "21819327"]
[BlackFideId "1106279"]
[EventDate "2022.12.17"]

1. e4 c5 2. Nf3 e6 3. d4 cxd4 4. Nxd4 a6 5. Bd3 Ne7 6. O-O Nbc6 7. Nb3 d6 8. Qe2
Ne5 9. Nc3 N7c6 10. f4 Nxd3 11. cxd3 Be7 12. d4 b5 13. Be3 Bb7 14. d5 Na5 15.
dxe6 fxe6 16. Nd4 Bc8 17. f5 O-O 18. Nxe6 Bxe6 19. fxe6 Qc8 20. Rxf8+ Bxf8 21.
Nd5 Qxe6 22. Nc7 Qxe4 23. Nxa8 Qxa8 24. Bd2 Nc4 25. Qe6+ Kh8 26. Bc3 Qa7+ 27.
Kh1 Qf2 28. Qe1 Qf5 29. Qe2 Qd7 30. Rf1 Kg8 31. Qf3 Qe8 32. Qd5+ Kh8 33. Re1 Qd7
34. Rf1 Qe8 35. Qf7 Qxf7 36. Rxf7 Kg8 37. Ra7 d5 38. Rxa6 Bc5 39. Rc6 Be3 40. b3
Na3 41. Rd6 b4 42. Bb2 1-0

[Event "European Rapid 2022"]
[Site "Katowice POL"]
[Date "2022.12.18"]
[Round "11.98"]
[White "Sowinski, Pawel"]
[Black "Castiglione, Mario"]
[Result "1-0"]
[WhiteElo "2064"]
[BlackElo "2247"]
[WhiteFideId "21881979"]
[BlackFideId "14901641"]
[EventDate "2022.12.17"]

1. d4 f5 2. c4 Nf6 3. Nc3 e6 4. g3 Bb4 5. Bg2 O-O 6. Bd2 Qe7 7. Nf3 b6 8. Ne5 c6
9. O-O Bb7 10. Qc2 d6 11. Nd3 c5 12. Bxb7 Qxb7 13. Nxb4 cxb4 14. Nb5 Nc6 15. d5
exd5 16. cxd5 Nxd5 17. Rac1 Nde7 18. Nxd6 Qd7 19. Qc4+ Kh8 20. Bf4 g5 21. Rfd1
Ng6 22. Bxg5 Nge5 23. Qd5 Qg7 24. Bf4 Rad8 25. Rxc6 Nxc6 26. Qxc6 Qf6 27. Qd5
Rfe8 28. Nf7+ 1-0

[Event "European Rapid 2022"]
[Site "Katowice POL"]
[Date "2022.12.18"]
[Round "11.99"]
[White "Paszewski, Mateusz"]
[Black "Sop, Selen"]
[Result "1-0"]
[WhiteTitle "FM"]
[BlackTitle "WFM"]
[WhiteElo "2282"]
[BlackElo "1950"]
[WhiteFideId "1141058"]
[BlackFideId "6300278"]
[EventDate "2022.12.17"]

1. d4 Nf6 2. Bf4 d5 3. Nf3 c6 4. e3 Qb6 5. Qc1 Bf5 6. Be2 Na6 7. O-O h6 8. a3 g5
9. Be5 Rg8 10. c4 Ne4 11. Nfd2 f6 12. Nxe4 fxe5 13. Ng3 Be6 14. Bh5+ Kd8 15.
cxd5 cxd5 16. dxe5 Bg7 17. Nc3 Bxe5 18. Qd2 Rc8 19. Nxd5 Qxb2 20. Qa5+ b6 21.
Qxa6 Bxd5 22. Rad1 Rc5 23. e4 e6 24. exd5 exd5 25. Ne4 Rc2 26. Rxd5+ Ke7 1-0